Britney Spears song by emojis - Statistics

General Stats
  • This quiz has been taken 237 times
  • The average score is 7 of 12
Answer Stats
Picture Answer % Correct
Toxic
96%
Circus
92%
Baby one more time
91%
Lucky
82%
Criminal
60%
Me against the music
58%
Break the ice
56%
Oops!… I did it again
50%
Womanizer
48%
I’m not a girl, not yet a woman
37%
Born to make you happy
25%
If you seek Amy
22%
No matching quizzes found
Score Distribution
Percent of People with Each Score
Percentile by Number Answered
Your Score History
You have not taken this quiz